[Event "National Capital op"]
[Site "Ottawa CAN"]
[Date "2010.11.14"]
[Round "4"]
[White "Sambuev, Bator"]
[Black "Levkovsky, Alexandre"]
[Result "1-0"]
[WhiteElo "2699"]
[BlackElo "2267"]
[PlyCount "69"]
[EventDate "2010.11.12"]
[EventType "swiss"]
[EventRounds "5"]
[EventCountry "CAN"]

1. d4 d5 2. c4 dxc4 3. e3 a6 4. Bxc4 b5 5. Bxf7+ Kxf7 6. Qf3+ Nf6 7. Qxa8 Be6
8. Nc3 b4 9. Nf3 h6 10. Ne5+ Kg8 11. Ne2 Bd5 12. Qa7 g5 13. Bd2 e6 14. Ng6 Rh7
15. Nxf8 Qxf8 16. f3 Bc4 17. Qc5 Qxc5 18. dxc5 Nc6 19. b3 Bb5 20. Nd4 Nxd4 21.
exd4 Nd5 22. Kf2 Rd7 23. Rae1 Kf7 24. h4 g4 25. Bxh6 Nc3 26. h5 gxf3 27. gxf3
Rxd4 28. Be3 Rd8 29. h6 Bd3 30. Reg1 Bg6 31. Bf4 Nd5 32. Be5 Nf6 33. Rd1 Rd5
34. Rxd5 Nxd5 35. Bxc7 1-0

[Event "National Capital op"]
[Site "Ottawa CAN"]
[Date "2010.11.14"]
[Round "5"]
[White "Kirby, Patrick"]
[Black "Sambuev, Bator"]
[Result "0-1"]
[WhiteElo "2201"]
[BlackElo "2699"]
[PlyCount "50"]
[EventDate "2010.11.12"]
[EventType "swiss"]
[EventRounds "5"]
[EventCountry "CAN"]

1. d4 Nf6 2. c4 g6 3. Nc3 Bg7 4. e4 O-O 5. f3 d6 6. Nge2 c5 7. d5 e6 8. Ng3 Ne8
9. Bd3 f5 10. dxe6 f4 11. Nge2 Qh4+ 12. Kd2 Bxe6 13. Kc2 Nc6 14. b3 b5 15. cxb5
Nb4+ 16. Kb1 d5 17. exd5 Nxd3 18. Qxd3 Bf5 19. Ne4 Nd6 20. Bb2 Rfe8 21. N2c3 c4
22. Qd2 Nxe4 23. fxe4 Rxe4 24. Nxe4 Bxe4+ 25. Kc1 c3 0-1

[Event "New Tecumseth op"]
[Site "Alliston CAN"]
[Date "2010.06.04"]
[Round "1"]
[White "Archibald, Colin"]
[Black "Derraugh, Geordie"]
[Result "0-1"]
[WhiteElo "1382"]
[BlackElo "2139"]
[PlyCount "62"]
[EventDate "2010.06.04"]
[EventType "swiss"]
[EventRounds "5"]
[EventCountry "CAN"]

1. d4 Nf6 2. Bf4 g6 3. Nf3 Bg7 4. h3 O-O 5. e3 d6 6. Bd3 c5 7. c3 Nc6 8. Qc2
cxd4 9. exd4 e5 10. dxe5 dxe5 11. Be3 Qe7 12. Nbd2 Rd8 13. Rd1 Rxd3 14. Qxd3 e4
15. Nxe4 Nxe4 16. O-O Bf5 17. Qb5 a6 18. Qb6 Ne5 19. Nh2 Nc4 20. Qb3 Nxe3 21.
fxe3 Nc5 22. Qa3 Qxe3+ 23. Kh1 Ne4 24. Nf3 Nf2+ 25. Kh2 Nxd1 26. Rxd1 Qf4+ 27.
Kg1 Bxh3 28. Qc5 Bg4 29. Qd5 Qe3+ 30. Kf1 Be6 31. Qxb7 Bc4+ 0-1

[Event "New Tecumseth op"]
[Site "Alliston CAN"]
[Date "2010.06.04"]
[Round "1"]
[White "Itkin, Victor"]
[Black "Ferreira, Alex"]
[Result "0-1"]
[WhiteElo "1876"]
[BlackElo "2116"]
[PlyCount "122"]
[EventDate "2010.06.04"]
[EventType "swiss"]
[EventRounds "5"]
[EventCountry "CAN"]

1. e4 e5 2. d4 exd4 3. Qxd4 Nc6 4. Qe3 b6 5. Nc3 Bc5 6. Qg3 Qf6 7. Nd5 Qd4 8.
Nxc7+ Kd8 9. Nxa8 Qxe4+ 10. Be3 Nge7 11. O-O-O Bxe3+ 12. fxe3 Nf5 13. Qc7+ Ke7
14. Bd3 Qxe3+ 15. Kb1 Nfd4 16. Nf3 Ne6 17. Rhe1 Qc5 18. Qg3 Kd8 19. Ne5 Nxe5
20. Rxe5 Qd6 21. Be2 Qb8 22. Bf3 Bb7 23. Bxb7 Qxb7 24. Qf3 Qxf3 25. gxf3 Ke7
26. Nxb6 axb6 27. Red5 Rd8 28. Rd6 b5 29. Rb6 Ng5 30. f4 Ne6 31. f5 Nc7 32. Rg1
d6 33. Rxg7 h6 34. Rh7 Rg8 35. a3 Rg1+ 36. Ka2 Rg2 37. Rc6 Kd7 38. Rc3 Nd5 39.
Rd3 Kc6 40. Rxh6 Rxc2 41. Rh8 Rf2 42. Rc8+ Kb7 43. Rf8 Rxf5 44. h4 Kc6 45. Rh3
Nf4 46. Rh2 Kd5 47. Rb8 Ke4 48. Rh8 Kf3 49. Rd2 d5 50. Rb8 Ke3 51. Rd1 d4 52.
Re8+ Ne6 53. Kb3 d3 54. Rc8 Ke2 55. Rcc1 d2 56. Ra1 Kd3 57. a4 Nd4+ 58. Ka2
bxa4 59. Rf1 Re5 60. Rxf7 Nc2 61. Rc1 dxc1=N+ 0-1

[Event "New Tecumseth op"]
[Site "Alliston CAN"]
[Date "2010.06.05"]
[Round "2"]
[White "Brammall, Stuart"]
[Black "Chuchin, Sasha"]
[Result "0-1"]
[WhiteElo "1878"]
[BlackElo "1468"]
[PlyCount "46"]
[EventDate "2010.06.04"]
[EventType "swiss"]
[EventRounds "5"]
[EventCountry "CAN"]

1. e4 e5 2. Nf3 Nf6 3. Nc3 d6 4. d4 Bg4 5. dxe5 Bxf3 6. gxf3 dxe5 7. Qxd8+ Kxd8
8. Bd2 Nbd7 9. Rd1 Be7 10. Bh3 a6 11. Bg5 Ke8 12. Rg1 Rd8 13. Ke2 h6 14. Be3 g6
15. f4 Bd6 16. fxe5 Bxe5 17. f3 Bxh2 18. Rh1 Be5 19. Bxh6 Nh5 20. Bg5 f6 21.
Bxd7+ Rxd7 22. Bh4 Rxd1 23. Kxd1 Ng3 0-1

[Event "New Tecumseth op"]
[Site "Alliston CAN"]
[Date "2010.06.05"]
[Round "2"]
[White "Derraugh, Geordie"]
[Black "Zaghi, Michael"]
[Result "1-0"]
[WhiteElo "2139"]
[BlackElo "1816"]
[PlyCount "55"]
[EventDate "2010.06.04"]
[EventType "swiss"]
[EventRounds "5"]
[EventCountry "CAN"]

1. e4 c6 2. d4 d5 3. exd5 cxd5 4. c4 Nf6 5. Nc3 e6 6. a3 Be7 7. Nf3 a6 8. Be2
Nbd7 9. O-O Nf8 10. Ne5 Ng6 11. f4 O-O 12. c5 Nxe5 13. fxe5 Ne8 14. Bd3 f5 15.
exf6 Rxf6 16. Bf4 Bd7 17. Qc2 g6 18. Be5 Rxf1+ 19. Rxf1 Bf6 20. Bxg6 Bxe5 21.
Bxh7+ Kh8 22. Rf8+ Kg7 23. Rg8+ Kf7 24. Qg6+ Ke7 25. dxe5 Qa5 26. Nxd5+ exd5
27. Rxe8+ Bxe8 28. Qd6+ 1-0

[Event "New Tecumseth op"]
[Site "Alliston CAN"]
[Date "2010.06.05"]
[Round "2"]
[White "Ferreira, Alex"]
[Black "Itkin, David"]
[Result "1-0"]
[WhiteElo "2116"]
[BlackElo "1965"]
[PlyCount "107"]
[EventDate "2010.06.04"]
[EventType "swiss"]
[EventRounds "5"]
[EventCountry "CAN"]

1. d4 Nf6 2. Bg5 e6 3. e4 Be7 4. Bd3 d5 5. e5 Nfd7 6. Bxe7 Qxe7 7. c3 c5 8. Ne2
Nc6 9. O-O O-O 10. Nd2 a6 11. f4 f5 12. exf6 Rxf6 13. Qe1 b5 14. Qh4 Rh6 15.
Qxe7 Nxe7 16. Nf3 Bb7 17. Ne5 Nxe5 18. fxe5 Nc6 19. Rf4 cxd4 20. cxd4 Nb4 21.
Bb1 Rf8 22. Rxf8+ Kxf8 23. a3 Nc6 24. Bd3 Na5 25. Rc1 Bc6 26. a4 Ke7 27. axb5
axb5 28. Ra1 Nc4 29. Ra7+ Kf8 30. b3 Nb2 31. Bc2 b4 32. Ra2 Bb5 33. Nf4 g5 34.
Nh3 Nd3 35. Ra8+ Kg7 36. Ra7+ Kh8 37. Nxg5 Rg6 38. Nxh7 Rxg2+ 39. Kxg2 Ne1+ 40.
Kf2 Nxc2 41. Nf6 Bd3 42. h4 Nxd4 43. Ke3 Nc6 44. Ra8+ Kg7 45. Rg8+ Kf7 46. Kxd3
Nxe5+ 47. Kd4 Kxf6 48. Rf8+ Kg7 49. Rf1 Ng6 50. h5 e5+ 51. Kxd5 Nf4+ 52. Kxe5
Nxh5 53. Ke6 Kg6 54. Rg1+ 1-0

[Event "New Tecumseth op"]
[Site "Alliston CAN"]
[Date "2010.06.05"]
[Round "2"]
[White "Jung, Hans"]
[Black "Archibald, Colin"]
[Result "1-0"]
[WhiteElo "2264"]
[BlackElo "1382"]
[PlyCount "73"]
[EventDate "2010.06.04"]
[EventType "swiss"]
[EventRounds "5"]
[EventCountry "CAN"]

1. e4 g6 2. d4 b6 3. Nc3 Bb7 4. Nf3 Bg7 5. h3 h6 6. Bc4 e6 7. d5 Ne7 8. Bf4 a6
9. Be5 O-O 10. Bxg7 Kxg7 11. Qd4+ Kh7 12. O-O-O Qc8 13. Qf6 Ng8 14. Qh4 Kg7 15.
Rhe1 b5 16. Bb3 c5 17. dxc6 Nxc6 18. e5 Qc7 19. Ne4 Rad8 20. Qf4 a5 21. c3 a4
22. Bc2 Na5 23. Nd6 Ba6 24. Qb4 Rb8 25. Bd3 Nc6 26. Qc5 Qb6 27. Ne4 Rfd8 28.
Qxb6 Rxb6 29. Nc5 Bc8 30. Be4 Nge7 31. Rd6 Nf5 32. Bxf5 gxf5 33. Red1 Rb8 34.
Rxc6 Bb7 35. Rcd6 Bd5 36. a3 Bc4 37. Nxd7 1-0

[Event "New Tecumseth op"]
[Site "Alliston CAN"]
[Date "2010.06.06"]
[Round "5"]
[White "Jung, Hans"]
[Black "Itkin, David"]
[Result "1-0"]
[WhiteElo "2264"]
[BlackElo "1965"]
[PlyCount "37"]
[EventDate "2010.06.04"]
[EventType "swiss"]
[EventRounds "5"]
[EventCountry "CAN"]

1. e4 c5 2. Nf3 d6 3. h3 Nf6 4. c3 Nc6 5. d3 e6 6. Be2 Be7 7. Nbd2 O-O 8. O-O
a6 9. d4 cxd4 10. cxd4 b5 11. a4 b4 12. Bd3 d5 13. e5 Nd7 14. Nb3 f5 15. exf6
Bxf6 16. Bxh7+ Kh8 17. Bb1 Ne7 18. Nh4 Qe8 19. Ng6+ 1-0

[Event "Northern Alberta op"]
[Site "Edmonton CAN"]
[Date "2010.02.20"]
[Round "3"]
[White "Persaud, Hemant"]
[Black "Yam, Alex"]
[Result "1/2-1/2"]
[WhiteElo "1750"]
[BlackElo "2235"]
[PlyCount "42"]
[EventDate "2010.02.20"]
[EventType "swiss"]
[EventRounds "5"]
[EventCountry "CAN"]

1. Nf3 Nf6 2. c4 g6 3. Nc3 Bg7 4. e4 c5 5. Be2 Nc6 6. d4 cxd4 7. Nxd4 Nxe4 8.
Nxc6 Nxc3 9. Nxd8 Nxd1 10. Nxf7 Nxb2 11. Nxh8 Na4 12. Rb1 Nc3 13. Rb3 Nxe2 14.
Kxe2 Bxh8 15. h4 h5 16. Bg5 b6 17. Rc1 Bd4 18. Rd3 Bc5 19. f3 d6 20. Kf1 Be6
21. Be3 Rc8 1/2-1/2

[Event "Northern Alberta op"]
[Site "Edmonton CAN"]
[Date "2010.02.21"]
[Round "5"]
[White "Reeve, Jeff"]
[Black "Huber, Greg"]
[Result "0-1"]
[WhiteElo "2306"]
[BlackElo "2330"]
[PlyCount "142"]
[EventDate "2010.02.20"]
[EventType "swiss"]
[EventRounds "5"]
[EventCountry "CAN"]

1. e4 c5 2. Nf3 d6 3. d4 cxd4 4. Nxd4 Nf6 5. Nc3 a6 6. Be3 e6 7. f3 h5 8. Bd3
Nc6 9. Qe2 Qc7 10. O-O Be7 11. Kh1 Nxd4 12. Bxd4 e5 13. Be3 Be6 14. a4 h4 15.
a5 Nh5 16. Nd5 Bxd5 17. exd5 Qd7 18. f4 exf4 19. Bxf4 Nxf4 20. Rxf4 Rh6 21. Bf5
Qd8 22. Re1 Kf8 23. Re4 Bf6 24. b4 Bc3 25. Rf1 Rb8 26. Qd3 Bf6 27. Rfe1 Be5 28.
c4 Qg5 29. Bh3 Kg8 30. c5 f5 31. Rc4 Rf6 32. c6 Rff8 33. c7 Rbc8 34. Rxe5 dxe5
35. d6 e4 36. Qd5+ Kh7 37. d7 Qf4 38. g3 Qf3+ 39. Bg2 Qe2 40. Rxe4 fxe4 41.
Qxe4+ Qxe4 42. Bxe4+ Kh6 43. dxc8=Q Rxc8 44. Bxb7 Rxc7 45. Bxa6 Rc1+ 46. Kg2
Rb1 47. b5 Ra1 48. b6 Rxa5 49. Bc8 Kg5 50. b7 Rb5 51. Kh3 hxg3 52. hxg3 Rb2 53.
Bd7 Rxb7 54. Bc8 Rb2 55. Bd7 Rd2 56. Bc8 Rd4 57. Bb7 Kf6 58. Bc8 Ke5 59. Bg4
Rb4 60. Bd7 Rc4 61. Bb5 Rd4 62. Ba6 Ke4 63. Kg4 Ke3+ 64. Kh3 Kf2 65. Bb5 Rb4
66. Be8 Rb3 67. Kh4 Rxg3 68. Bf7 Kf3 69. Be6 Kf4 70. Bc8 g5+ 71. Kh5 g4 0-1

[Event "November op"]
[Site "Grande Prairie CAN"]
[Date "2010.11.13"]
[Round "1"]
[White "Caughlin, Wade"]
[Black "White, Chris"]
[Result "1/2-1/2"]
[WhiteElo "1957"]
[BlackElo "1752"]
[PlyCount "143"]
[EventDate "2010.11.13"]
[EventType "swiss"]
[EventRounds "3"]
[EventCountry "CAN"]

1. e4 e6 2. d4 d5 3. e5 c5 4. c3 Nc6 5. Nf3 Qb6 6. a3 cxd4 7. cxd4 Nge7 8. b4
Ng6 9. Be2 Bd7 10. O-O Rc8 11. Bb2 Na5 12. Nbd2 Nf4 13. bxa5 Qxb2 14. Rb1 Qxa3
15. Rxb7 Rc1 16. Rb8+ Ke7 17. Qb3 Nxe2+ 18. Kh1 Rxf1+ 19. Nxf1 Qxb3 20. Rxb3 a6
21. N1d2 g6 22. Rb7 Kd8 23. Nb3 Kc8 24. Ra7 Bb5 25. Ng5 Kb8 26. Rxf7 Bc4 27.
Nxe6 Bxb3 28. Nxf8 Nxd4 29. e6 Nxe6 30. Nxe6 Rc8 31. h3 d4 32. Rd7 Bxe6 33.
Rxd4 Rc5 34. Rd6 Bc4 35. Rd7 h5 36. Rd4 Kc7 37. Kh2 Kc6 38. Kg3 Bf1 39. Rd1 Be2
40. Rd2 Rg5+ 41. Kf4 Rf5+ 42. Kg3 Bc4 43. Rd4 Kb5 44. Rd6 Rg5+ 45. Kf3 Kxa5 46.
g3 Kb4 47. h4 Rf5+ 48. Ke3 g5 49. hxg5 Rxg5 50. Kf4 Rd5 51. Rb6+ Bb5 52. Ke4
Rc5 53. f4 a5 54. f5 Rc6 55. Rb8 Kc5 56. Ke5 a4 57. f6 Bc4 58. Rh8 Re6+ 59. Kf5
Re1 60. Rxh5 Be6+ 61. Kg6+ Kb4 62. Rh7 a3 63. f7 Bxf7+ 64. Rxf7 a2 65. Ra7 a1=Q
66. Rxa1 Rxa1 67. g4 Ra6+ 68. Kf5 Ra8 69. g5 Rf8+ 70. Kg6 Rg8+ 71. Kf6 Rf8+ 72.
Kg7 1/2-1/2

[Event "November op"]
[Site "Grande Prairie CAN"]
[Date "2010.11.13"]
[Round "1"]
[White "Miller, David"]
[Black "Pradzinski, Tim"]
[Result "1-0"]
[WhiteElo "1864"]
[BlackElo "1965"]
[PlyCount "91"]
[EventDate "2010.11.13"]
[EventType "swiss"]
[EventRounds "3"]
[EventCountry "CAN"]

1. e4 e5 2. Nf3 d6 3. d4 exd4 4. Nxd4 Nf6 5. Nc3 Be7 6. f3 O-O 7. Be3 a6 8. Qd2
c5 9. Nde2 Nc6 10. Nf4 b5 11. O-O-O Be6 12. g4 b4 13. Ncd5 Bxd5 14. Nxd5 Nxd5
15. Qxd5 Qc7 16. f4 Na5 17. g5 Qc6 18. Qd3 Rfd8 19. f5 Rac8 20. g6 Bf6 21.
gxf7+ Kf8 22. Bf4 Kxf7 23. Bg2 Bd4 24. Qh3 Qa4 25. Qxh7 Nc4 26. Qg6+ Kf8 27.
Rxd4 cxd4 28. Bh6 Rd7 29. Bxg7+ Rxg7 30. Qf6+ Ke8 31. Qxg7 Ne5 32. Qg8+ Kd7 33.
Qe6+ Kc7 34. Qb3 Qb5 35. Rd1 Qc5 36. Qa4 Kb7 37. Bf1 Rc6 38. Qb3 a5 39. a4 Kb6
40. Bb5 Rc8 41. Bd3 Qc7 42. Kb1 Qe7 43. Qd5 Nxd3 44. Qb5+ Ka7 45. Qxa5+ Kb8 46.
Qb5+ 1-0

[Event "November op"]
[Site "Grande Prairie CAN"]
[Date "2010.11.13"]
[Round "1"]
[White "Redmond, Brian"]
[Black "Roy, Jim"]
[Result "0-1"]
[WhiteElo "1540"]
[BlackElo "1919"]
[PlyCount "70"]
[EventDate "2010.11.13"]
[EventType "swiss"]
[EventRounds "3"]
[EventCountry "CAN"]

1. e4 c5 2. Nf3 d6 3. Bb5+ Bd7 4. Qe2 Nc6 5. d4 Nxd4 6. Nxd4 cxd4 7. O-O e5 8.
Nd2 Nf6 9. f3 Be7 10. b3 Rc8 11. Bc4 O-O 12. Bb2 a6 13. a4 Nh5 14. g3 b5 15.
Bd3 f5 16. f4 Nf6 17. exf5 Nd5 18. fxe5 Ne3 19. Rf4 dxe5 20. Rf2 Qb6 21. a5 Qh6
22. Nf1 Nxf5 23. Qxe5 Bd6 24. Qe4 Bc6 25. Qg4 Ne3 26. Nxe3 Qxe3 27. Raf1 Rxf2
28. Rxf2 Rf8 29. Bxd4 Qc1+ 30. Bf1 Qh6 31. Bxg7 Qxg7 32. Qxg7+ Kxg7 33. Bg2 Bc5
34. Kf1 Rxf2+ 35. Ke1 Bxg2 0-1

[Event "November op"]
[Site "Grande Prairie CAN"]
[Date "2010.11.13"]
[Round "2"]
[White "Pradzinski, Tim"]
[Black "Caughlin, Wade"]
[Result "1-0"]
[WhiteElo "1968"]
[BlackElo "1957"]
[PlyCount "95"]
[EventDate "2010.11.13"]
[EventType "swiss"]
[EventRounds "3"]
[EventCountry "CAN"]

1. e4 e5 2. f4 Bc5 3. Nf3 d6 4. Bc4 Nf6 5. d3 Nc6 6. Qe2 Bg4 7. c3 O-O 8. h3
Bxf3 9. Qxf3 Qe7 10. f5 Na5 11. Bb3 Rad8 12. Bg5 Nxb3 13. axb3 a6 14. Nd2 c6
15. O-O-O d5 16. Qg3 Qd6 17. h4 Nh5 18. Qf3 Nf4 19. Bxd8 Qxd8 20. g3 dxe4 21.
Nxe4 Nd5 22. Nxc5 Qa5 23. b4 Qc7 24. Rhe1 b6 25. Ne4 a5 26. bxa5 bxa5 27. f6
Rb8 28. fxg7 Qb6 29. Rd2 a4 30. Nf6+ Nxf6 31. Qxf6 a3 32. b4 Qa6 33. Kb1 Qa4
34. Ka2 c5 35. Rf1 Qd7 36. Qxe5 Rc8 37. Qf5 Qb7 38. bxc5 Rb8 39. Qxf7+ Qxf7+
40. Rxf7 Rb5 41. Rc7 h5 42. Re2 Rb8 43. Rce7 Rb5 44. d4 Ra5 45. c6 Kh7 46. c7
Kg6 47. g8=Q+ Kh6 48. Rh7# 1-0

[Event "November op"]
[Site "Grande Prairie CAN"]
[Date "2010.11.13"]
[Round "2"]
[White "Roy, Jim"]
[Black "Miller, David"]
[Result "0-1"]
[WhiteElo "1919"]
[BlackElo "1864"]
[PlyCount "52"]
[EventDate "2010.11.13"]
[EventType "swiss"]
[EventRounds "3"]
[EventCountry "CAN"]

1. d4 Nf6 2. c4 c5 3. d5 b5 4. cxb5 a6 5. bxa6 Bxa6 6. Nc3 g6 7. g3 Bg7 8. Bg2
d6 9. Nf3 O-O 10. O-O Qb6 11. Re1 Bb7 12. e4 Nfd7 13. Bd2 Na6 14. a3 Rfb8 15.
Qc2 Bc8 16. Rab1 c4 17. Be3 Nac5 18. Na4 Rxa4 19. Qxa4 Nxa4 20. Bxb6 Rxb6 21.
Bh3 Rxb2 22. Rxb2 Bxb2 23. Re2 c3 24. Nd4 Nac5 25. e5 dxe5 26. Nc6 Ba6 0-1

[Event "November op"]
[Site "Grande Prairie CAN"]
[Date "2010.11.13"]
[Round "2"]
[White "White, Chris"]
[Black "Redmond, Brian"]
[Result "1-0"]
[WhiteElo "1752"]
[BlackElo "1540"]
[PlyCount "68"]
[EventDate "2010.11.13"]
[EventType "swiss"]
[EventRounds "3"]
[EventCountry "CAN"]

1. d4 Nf6 2. c4 e6 3. Nc3 Bb4 4. a3 Ba5 5. b4 Bb6 6. c5 Nd5 7. Nxd5 exd5 8.
cxb6 cxb6 9. Bf4 Qe7 10. Qb3 Qe6 11. e3 O-O 12. Nf3 Nc6 13. Bd3 d6 14. Ng5 Nxd4
15. Qc3 Qf6 16. Qxd4 Qxd4 17. exd4 Re8+ 18. Kd2 g6 19. Rhe1 Bf5 20. Bxf5 gxf5
21. Rxe8+ Rxe8 22. Re1 Ra8 23. Re7 Rf8 24. Rxb7 h6 25. Nxf7 Rxf7 26. Rxf7 Kxf7
27. Bxh6 Kg6 28. Bf4 b5 29. Bxd6 a6 30. Ke3 Kf7 31. Kf4 Kg6 32. g4 fxg4 33.
Kxg4 Kf6 34. h4 Ke6 1-0

[Event "November op"]
[Site "Grande Prairie CAN"]
[Date "2010.11.13"]
[Round "3"]
[White "Caughlin, Wade"]
[Black "Redmond, Brian"]
[Result "1-0"]
[WhiteElo "1957"]
[BlackElo "1540"]
[PlyCount "37"]
[EventDate "2010.11.13"]
[EventType "swiss"]
[EventRounds "3"]
[EventCountry "CAN"]

1. e4 e5 2. f4 Nc6 3. Nf3 Nf6 4. fxe5 Nxe4 5. d3 Bb4+ 6. c3 Nxc3 7. bxc3 Ba5 8.
d4 Qe7 9. Bc4 O-O 10. O-O b6 11. Bg5 Qe8 12. Nh4 Ne7 13. Qh5 h6 14. Bxh6 d5 15.
exd6 cxd6 16. Bxg7 Kxg7 17. Qg5+ Kh7 18. Rf6 Rg8 19. Rh6# 1-0

[Event "November op"]
[Site "Grande Prairie CAN"]
[Date "2010.11.13"]
[Round "3"]
[White "Miller, David"]
[Black "White, Chris"]
[Result "1/2-1/2"]
[WhiteElo "1864"]
[BlackElo "1752"]
[PlyCount "75"]
[EventDate "2010.11.13"]
[EventType "swiss"]
[EventRounds "3"]
[EventCountry "CAN"]

1. d4 d5 2. c4 e6 3. Nc3 Nf6 4. Nf3 c6 5. Bf4 Be7 6. Qc2 O-O 7. O-O-O Re8 8. e4
dxe4 9. Nxe4 Qa5 10. Kb1 Nxe4 11. Qxe4 Qf5 12. Qxf5 exf5 13. Bd3 h6 14. Rhe1
Be6 15. d5 cxd5 16. cxd5 Bd7 17. d6 Bf8 18. Rxe8 Bxe8 19. Bxf5 Nd7 20. Rc1 g6
21. Bxd7 Bxd7 22. Rc7 Bc6 23. d7 Rd8 24. Ne5 Bxg2 25. f3 g5 26. Bg3 f6 27. Rc8
Be7 28. Ng6 Kf7 29. Nxe7 Kxe7 30. Rxd8 Kxd8 31. f4 Kxd7 32. fxg5 hxg5 33. Kc2
Ke6 34. Kd3 Kd5 35. Bf2 a6 36. Bb6 f5 37. Bd8 g4 38. Ke3 1/2-1/2

[Event "November op"]
[Site "Grande Prairie CAN"]
[Date "2010.11.13"]
[Round "3"]
[White "Roy, Jim"]
[Black "Pradzinski, Tim"]
[Result "1-0"]
[WhiteElo "1919"]
[BlackElo "1968"]
[PlyCount "89"]
[EventDate "2010.11.13"]
[EventType "swiss"]
[EventRounds "3"]
[EventCountry "CAN"]

1. d4 d5 2. Nf3 Nf6 3. c4 e6 4. Nc3 Be7 5. Bg5 h6 6. Bh4 O-O 7. e3 Nbd7 8. Rc1
b6 9. cxd5 exd5 10. Bd3 Bb7 11. O-O Rc8 12. Ne5 Nxe5 13. dxe5 Ne4 14. Bxe4 dxe4
15. Qxd8 Bxd8 16. Bg3 Be7 17. Rfd1 Rfd8 18. Nb5 a6 19. Nd4 c5 20. Nf5 Bf8 21.
Bf4 Rd3 22. Nd6 Bxd6 23. exd6 f6 24. b3 Kf7 25. Rxd3 exd3 26. f3 a5 27. Kf2 Ke6
28. e4 g5 29. Bg3 h5 30. h4 b5 31. Ke3 c4 32. bxc4 bxc4 33. hxg5 fxg5 34. Kd2
g4 35. Kc3 Rf8 36. Rb1 Ba6 37. f4 h4 38. f5+ Kd7 39. Bxh4 Kxd6 40. Rb6+ Ke5 41.
Re6+ Kf4 42. Rxa6 Kxe4 43. Rxa5 Rxf5 44. Rxf5 Kxf5 45. Be1 1-0

[Event "October TNT"]
[Site "Winnipeg CAN"]
[Date "2010.10.05"]
[Round "1"]
[White "Czypinski, Jaroslaw"]
[Black "Kumaragamage, Shashika"]
[Result "1-0"]
[WhiteElo "1922"]
[BlackElo "1414"]
[PlyCount "73"]
[EventDate "2010.10.05"]
[EventType "swiss"]
[EventRounds "4"]
[EventCountry "CAN"]

1. e4 c6 2. d4 d5 3. Nc3 dxe4 4. Nxe4 Bf5 5. Ng3 Bg6 6. Nf3 Nd7 7. Bd3 Bxd3 8.
Qxd3 e6 9. O-O Ngf6 10. Bg5 Be7 11. Rfe1 O-O 12. Qb3 Qb6 13. Rad1 Qxb3 14. axb3
h6 15. Bd2 c5 16. Nf5 Rfe8 17. Nxe7+ Rxe7 18. dxc5 Nxc5 19. Bc3 Nd5 20. Rxd5 b6
21. Rd4 Rc8 22. Red1 Ree8 23. b4 Na4 24. R4d3 Nxc3 25. Rxc3 Rxc3 26. bxc3 Rc8
27. Rd3 a5 28. bxa5 bxa5 29. Nd2 a4 30. c4 f5 31. Kf1 g5 32. Ra3 Rd8 33. Ke2
Ra8 34. Kd3 Kf7 35. c5 Ke7 36. Nc4 Rc8 37. Kd4 1-0

[Event "October TNT"]
[Site "Winnipeg CAN"]
[Date "2010.10.05"]
[Round "1"]
[White "Magnusson, Saul"]
[Black "Wolchock, Theo"]
[Result "1-0"]
[WhiteElo "1803"]
[BlackElo "1294"]
[PlyCount "70"]
[EventDate "2010.10.05"]
[EventType "swiss"]
[EventRounds "4"]
[EventCountry "CAN"]

1. e4 e5 2. f4 d6 3. Nf3 Nc6 4. Nc3 Nf6 5. Bc4 Be7 6. O-O O-O 7. f5 a6 8. a4
Re8 9. d3 Bd7 10. Qe1 Nb4 11. Bb3 c6 12. Ng5 Rf8 13. Ne2 h6 14. Nf3 Qb6+ 15.
Kh1 d5 16. Qg3 Kh8 17. Nxe5 Rad8 18. Nxf7+ Rxf7 19. Qg6 Be8 20. e5 Ng8 21. Nf4
Rf6 22. Qg4 Rf8 23. Ne6 Rf7 24. Rf3 Rd7 25. Bd2 Nxc2 26. Bxc2 Qxb2 27. Rc1 Qxe5
28. d4 Qe2 29. Bf4 Ba3 30. Bd3 Qb2 31. Rb1 Qa2 32. Be5 Rde7 33. Rg3 Rxe6 34.
Bxg7+ Kh7 35. fxe6+ Rf5 1-0

[Event "October TNT"]
[Site "Winnipeg CAN"]
[Date "2010.10.05"]
[Round "1"]
[White "Melamedoff, Gustavo"]
[Black "Wasserman, Leor"]
[Result "1-0"]
[WhiteElo "2055"]
[BlackElo "1758"]
[PlyCount "85"]
[EventDate "2010.10.05"]
[EventType "swiss"]
[EventRounds "4"]
[EventCountry "CAN"]

1. Nf3 Nf6 2. c4 c5 3. g3 g6 4. Bg2 Bg7 5. O-O O-O 6. Nc3 Nc6 7. e4 e5 8. d3 d6
9. Bg5 h6 10. Be3 Be6 11. Qd2 Kh7 12. Rab1 Ng4 13. Nd5 b5 14. cxb5 Bxd5 15.
exd5 Nb4 16. a3 Nxd5 17. Ng5+ hxg5 18. Bxd5 Nxe3 19. fxe3 Rb8 20. Bxf7 Rxb5 21.
Qg2 g4 22. h4 Qd7 23. Bd5 Rbb8 24. Qe4 Rxf1+ 25. Rxf1 Rf8 26. Rxf8 Bxf8 27. Qc4
Bh6 28. e4 Be3+ 29. Kg2 Qe7 30. Qc2 Qf8 31. Qe2 Bd4 32. b4 Qf6 33. b5 Qf8 34.
a4 Qf6 35. a5 c4 36. dxc4 Bc5 37. b6 Qf8 38. b7 Bd4 39. Qf1 Qd8 40. Qf7+ Kh6
41. Be6 a6 42. h5 Qg5 43. Qf8+ 1-0

[Event "October TNT"]
[Site "Winnipeg CAN"]
[Date "2010.10.05"]
[Round "1"]
[White "Milward, David"]
[Black "Kaptsan, Aron"]
[Result "1/2-1/2"]
[WhiteElo "1748"]
[BlackElo "2039"]
[PlyCount "65"]
[EventDate "2010.10.05"]
[EventType "swiss"]
[EventRounds "4"]
[EventCountry "CAN"]

1. e4 c5 2. Nf3 Nc6 3. d4 cxd4 4. Nxd4 Nf6 5. Nc3 a6 6. Be2 e5 7. Nb3 Bb4 8.
Bg5 h6 9. Bxf6 Bxc3+ 10. bxc3 Qxf6 11. O-O O-O 12. Qd2 d6 13. f4 exf4 14. Rxf4
Qg6 15. Raf1 Ne5 16. Nd4 Be6 17. Nf5 Bxf5 18. Rxf5 Rac8 19. Rd1 Rc6 20. Qd5 Qe6
21. Qd2 Qxa2 22. Bd3 Qe6 23. Kh1 Rfc8 24. g4 Rxc3 25. g5 h5 26. Rg1 g6 27. Rf6
Qa2 28. Rxd6 Nf3 29. Rd8+ Rxd8 30. Qxc3 Nxg1 31. Bc4 Qb1 32. Bxf7+ Kxf7 33.
Qf6+ 1/2-1/2

[Event "October TNT"]
[Site "Winnipeg CAN"]
[Date "2010.10.05"]
[Round "1"]
[White "Mundwiler, Les"]
[Black "Ott, Richard"]
[Result "1-0"]
[WhiteElo "2027"]
[BlackElo "1715"]
[PlyCount "49"]
[EventDate "2010.10.05"]
[EventType "swiss"]
[EventRounds "4"]
[EventCountry "CAN"]

1. d4 d5 2. Nf3 Nf6 3. c4 e6 4. Nc3 Bb4 5. Bg5 O-O 6. e3 c5 7. dxc5 Bxc5 8. Be2
Nc6 9. O-O Be7 10. Rc1 a6 11. Qa4 dxc4 12. Rfd1 Qa5 13. Qxc4 Qc7 14. Bf4 Qb6
15. Ne5 Na5 16. Qd4 Qxd4 17. Rxd4 Nd5 18. Nxd5 exd5 19. Rxd5 Nc6 20. Nxc6 bxc6
21. Rdd1 Bf6 22. b3 Bb2 23. Rxc6 Ba3 24. f3 a5 25. Bc4 1-0

[Event "October TNT"]
[Site "Winnipeg CAN"]
[Date "2010.10.05"]
[Round "1"]
[White "Pottinger, Carl"]
[Black "Zaczek, Jonathan"]
[Result "0-1"]
[WhiteElo "1761"]
[BlackElo "2246"]
[PlyCount "86"]
[EventDate "2010.10.05"]
[EventType "swiss"]
[EventRounds "4"]
[EventCountry "CAN"]

1. c4 b6 2. d3 Bb7 3. Nc3 e6 4. Nf3 f5 5. g3 Nf6 6. Bg2 Bb4 7. Bd2 O-O 8. O-O
d6 9. a3 Bxc3 10. Bxc3 c5 11. b4 Qe7 12. a4 cxb4 13. Bxb4 Nc6 14. Qb3 Nd7 15.
a5 bxa5 16. Bxa5 Nc5 17. Qc2 Rab8 18. Bc3 Ba8 19. Rfb1 Qc7 20. Ng5 h6 21. Nf3
Rb6 22. Rxb6 axb6 23. Nh4 Na5 24. Bxa5 bxa5 25. Ng6 Rb8 26. Nf4 Kf7 27. Qa2 g5
28. Nh3 Bxg2 29. Kxg2 Ra8 30. Ng1 g4 31. h3 h5 32. hxg4 hxg4 33. f3 Kg6 34. Qc2
Qc6 35. Kf2 Rh8 36. d4 Rh2+ 37. Ke3 Nd7 38. fxg4 Nf6 39. gxf5+ exf5 40. Nf3
Ng4+ 41. Kd2 Qxf3 42. Re1 Qe3+ 43. Kd1 Nf2# 0-1